000
00334 a2200145 4500
001
170083
020
_a
040
_c
Magnum
100
_a
Docampo, Xabier P.
240
1
0
_a
Adelaida, hector y demas familia
_l
ESP
245
1
0
_a
Adelaida, hector y demas familia
362
0
_a
1899
697
_a
LITERATURA ESTRANGEIRA
942
_c
BK
999
_c
170083
_d
170083